000 00599nam a2200217 a 4500
999 _c3861
_d3861
001 3861
003 BD-JhCC
005 20171119111938.0
008 171119s1975 bg a|||| ||a| 000 0 ben d
035 _a(BD-JhCC)3861
040 _aBD-JhCC
_dBD-JhCC
041 _aben
082 _a891.443
_bOSM 1975
100 _aওসমান, বুলবুল
245 _aঐরাবত /
_cবুলবুল ওসমান
260 _aঢাকা :
_bবাংলা একাডেমী,
_c1975.
300 _a95 p. :
_c21 cm.
650 _aChildren Novel
942 _2ddc
_cBK